| 000 | 00788nam a2200241 i 4500 | ||
|---|---|---|---|
| 001 | bg | ||
| 100 | 1 | _aSTANIEK, Roman | |
| 245 | 1 | 0 |
_aStoły obrotowe sterowane numerycznie : _bpodstawy teoretyczne, konstrukcja, technologia i badania / _cRoman Staniek. |
| 260 |
_aPoznań : _bWydaw. Politechniki Poznańskiej, _c2005. |
||
| 300 |
_a140, [1] s. : _bil. ; _c24 cm. |
||
| 490 | 1 |
_aRozprawy / Politechnika Poznańska, _x0551-6528 ; _vnr 392 |
|
| 500 | _aStreszcz. ang. | ||
| 504 | _aBibliogr. | ||
| 650 | 9 | _aObrabiarki sterowane numerycznie | |
| 830 | 0 |
_aRozprawy (Politechnika Poznańska) ; _vnr 392 |
|
| 020 | _a8371432100 | ||
| 040 | _cBPK | ||
| 041 | 0 |
_apol _beng |
|
| 080 | _a621.9.06-52 | ||
| 920 | _a83-7143-210-0 | ||
| 942 | _cKS | ||
| 008 | s pl f |000 0 pol | ||
| 999 |
_c46672 _d46672 |
||
| 856 |
_uhttp://koha.tu.koszalin.pl/cgi-bin/koha/opac-detail.pl?biblionumber=46672 _yKatalog online BPK |
||